000 00686nam a22002297a 4500
003 UA-OsUOA
001 126840
007 ta
008 20171109b un ||||| |||| 00| 0 ukr d
090 _a82-94
_bР46
942 _cBK
040 _aUA-OsUOA
_bukr
_cUA-OsUOA
_dUA-OsUOA
245 _aРечник української культури. Майк Йогансен у спогадах, листах, матеріалах
_bзбірник
300 _a208 с.
955 _a1
041 _aukr
080 _a82-94
020 _a966-7087-55-7
260 _aК.
_bРада
_c2003
650 7 _a82 Література. Літературознавство
_2UDC
999 _c414003
_d414003